A complete course in freshman English /

Bibliographic Details
Main Author: Shaw, Harry, 1905-1998
Format: Book
Language:English
Published: New York : Harper & Row, [1979]
Edition:8th ed.
Subjects:

MARC

Tag First Indicator Second Indicator Subfields
LEADER 00000pam a2200000 i 4500
001 in00000078283
005 20151008060716.0
008 780710s1979 nyu 00110 eng
010 |a  78014929  
020 |a 0060459794 
035 |a (OCoLC)04114679 
035 |9 AAJ6392AM 
040 |a DLC  |c DLC  |d m.c.  |d TXA  |d UtOrBLW 
049 |a TXAM  |c [1188823] 
050 0 0 |a PE1408  |b .S474 1979 
082 0 |a 808/.04275 
100 1 |a Shaw, Harry,  |d 1905-1998. 
245 1 2 |a A complete course in freshman English /  |c Harry Shaw. 
250 |a 8th ed. 
264 1 |a New York :  |b Harper & Row,  |c [1979] 
264 4 |c ©1979 
300 |a xxvi, 980 pages ;  |c 24 cm. 
336 |a text  |b txt  |2 rdacontent 
337 |a unmediated  |b n  |2 rdamedia 
338 |a volume  |b nc  |2 rdacarrier 
500 |a Includes index. 
650 0 |a English language  |x Rhetoric. 
650 0 |a English language  |x Grammar. 
650 0 |a College readers. 
999 |a MARS 
999 f f |s df45ead4-754e-379e-aeb4-2cae2745fbf6  |i f6af1fe2-79fb-31b7-9422-730aa3e45eec  |t 0 
952 f f |p ric  |a Texas A&M University  |b Rellis Campus  |c Joint Library Facility  |s JLF  |d Remote Storage  |t 0  |e PE1408 .S474 1979  |h Library of Congress classification  |i unmediated -- volume  |m A14806062594 
998 f f |a PE1408 .S474 1979  |t 0  |l Remote Storage